Celebrity Mug Shots Quiz Stats

 Plays Quiz Updated Nov 21, 2014

Support Sporcle.
Go Orange.
Score 0/24 Timer 07:00
10 Plays Today
% Correct
Michael Jackson
94.2%
Mel Gibson
80.5%
Vince Vaughn
78%
Lindsay Lohan
76.9%
Hugh Grant
61.9%
David Bowie
52.5%
Robert Downey Jr.
51%
Macaulay Culkin
49.6%
Heather Locklear
44.9%
Nick Nolte
44.4%
Matt Dillon
41.9%
James Brown
38.8%
% Correct
Jimi Hendrix
37.7%
Christian Slater
36.6%
Shia LaBeouf
33.8%
Frank Sinatra
30.2%
Paul Reubens
30%
Johnny Cash
25.6%
Jane Fonda
21.2%
Mickey Rourke
18.8%
Andy Dick
16.9%
Yasmine Bleeth
14.4%
Al Pacino
9.1%
Kim Delaney
3.1%

You're not logged in!

Compare scores with friends on all Sporcle quizzes.
OR
Log In

From the Vault

Profile: George Costanza

by GeorgiaPeach

Hi, I'm George. I'm unemployed and I live with my parents.
Remove Ads.
Support Sporcle.
Get the best of Sporcle when you Go Orange. This ad-free experience offers more features, more stats, and more fun while also helping to support Sporcle. Thank you for becoming a member.

Show Comments

Extras

Top Quizzes Today


Score Distribution

Your Account Isn't Verified!

In order to create a playlist on Sporcle, you need to verify the email address you used during registration. Go to your Sporcle Settings to finish the process.

Report this User

Report this user for behavior that violates our Community Guidelines.

Details: